Apuntes semióticos /

שמור ב:
מידע ביבליוגרפי
מחבר ראשי: Gaínza Alvarez, Lizandro Gastón
פורמט: לא ידוע
נושאים:
תגים: הוספת תג
אין תגיות, היה/י הראשונ/ה לתייג את הרשומה!

MARC

LEADER 000000000a22000000004500
001 005742
100 1 |a Gaínza Alvarez, Lizandro Gastón 
245 1 0 |a Apuntes semióticos /   |c Lizandro Gastón Gaínza Alvarez. 
310 |a Semestral 
650 4 |a SEMIÓTICA 
650 4 |a ANÁLISIS SEMIÓTICO 
773 0 |d Heredia, Costa Rica : Editorial de la Universidad Nacional  |t Letras  |g número 31 (1999), páginas 47-68 
942 |c ARC 
999 |c 12496  |d 12496